| 000 | 00462nam a22001817a 4500 | ||
|---|---|---|---|
| 003 | CEME | ||
| 005 | 20210628203140.0 | ||
| 008 | 210122b xxu||||| |||| 00| 0 eng d | ||
| 020 | _a0-13-790874-1 | ||
| 040 | _c. | ||
| 082 | _a629.8 ZHO | ||
| 100 |
_aZhou, Kemin, Doyle, John .C _963629 |
||
| 245 | _aEssentials of robust control | ||
| 260 |
_aNEW JERSEY _bPRENTICE HAL _c1998 |
||
| 300 | _aXVII,411 P | ||
| 650 |
_aROBUST CONTROL _963630 |
||
| 942 |
_cBK _2ddc |
||
| 999 |
_c572387 _d572387 |
||